000 00771nam a2200217 a 4500
008 120416s1986 ||||||||||||||||| || u
020 _a0471802379
050 _aTJ 175 Mab
100 _aReinholtz, Charles F
245 1 0 _aMechanisms and dynamics of machinery
250 _a4th ed.
260 _aNew York :
_bJohn Wiley and Sons
_c1986.
300 _axii, 644p. : ill.
350 _a0.00
500 _aIncludes bibliographical references and index.
650 _aMechanical movements
650 _aMachinery, Kinematics of
650 _aMACHINERY, DYNAMICS OF
700 _aMabie, Hamilton H
995 _D0.00
_FCBU-MAIN LIBRARY (Kitwe)
_H1
_I20.00
_UAVAILABLE
_WJun 6, 2006
_ZMain Library Open Access Collection
999 _c50932
_d50932